Culture Générale - Série 2520 - Statistiques

Statistiques générales
  • Ce quiz a été pris 131 fois
  • Le résultat moyen est 5 sur 10
Statistiques - réponses
Question Réponse % Correct
Quelle est la capitale de l'Azerbaïdjan ? Bakou
80%
Confiserie spécialité d'Aix en Provence calisson
80%
Action consistant à discuter en ligne, par internet chatter
79%
Quel meuble associe-t-on à un psychologue ? divan
76%
Quelle chanteuse a repris le succès de Michel Sardou "Je viens du sud" ? prénom et nom - voir photo Chimène Badi
52%
Dans quel pays se trouve la ville balnéaire et portuaire d'Eilat ? Israël
51%
Synonyme d'arbitrage - 9 lettres commençant par " m " médiation
29%
Synonyme de "chicaner-discuter-pinailler" - 7 lettres commençant par " e " ergoter
20%
Familièrement, comment appelle-t-on le commandant d'un navire ? pacha
19%
Cornemuse alimentée par un soufflet - sac de toile - style musical musette
3%
Aucun quiz correspondant
Distribution des résultats
% des personnes avec chaque résultat
Percentile par nombre de réponses
Votre historique - résultats
Vous n’avez pas pris ce quiz